La revolución burguesa
Salvato in:
| Autore principale: | |
|---|---|
| Natura: | Libro |
| Lingua: | spagnolo |
| Pubblicazione: |
Valencia, España
Centro Francisco Tomás y Valiente
2001
|
| Serie: | Biblioteca Historia Social,
10 |
| Soggetti: | |
| Tags: |
Aggiungi Tag
Nessun Tag, puoi essere il primo ad aggiungerne!!
|
MARC
| LEADER | 00000nam a2200000 a 4500 | ||
|---|---|---|---|
| 001 | UCN7853 | ||
| 003 | CL-VaPUC | ||
| 005 | 20210908074418.0 | ||
| 008 | 011026e20010000SP |||||||||||||||||spa|d | ||
| 999 | |c 298046 |d 298044 | ||
| 040 | |c Pontificia Universidad Católica de Valparaíso | ||
| 082 | 0 | 4 | |a 946.72 SEB 2001 |2 21 |
| 100 | 0 | |a Sebastià Domingo, Enric |e author |9 464025 | |
| 245 | 1 | 3 | |a La revolución burguesa |
| 260 | |a Valencia, España |b Centro Francisco Tomás y Valiente |c 2001 | ||
| 300 | |a 2 volúmenes | ||
| 490 | 0 | |a Biblioteca Historia Social, |v 10 | |
| 500 | |a v.1-2: La transición de la cuestión señorial a la cuestión social en el país Valenciano | ||
| 583 | |a last modification |c 20011026 00:00:00 |k Rodrigo Vera | ||
| 650 | 0 | |a Historia de España |9 315435 | |
| 650 | 7 | |a REVOLUCION BURGUESA |2 CL-VaPUC |9 442539 |z ESPAÑA | |
| 650 | 7 | |a JUNTA DE GOBIERNO |2 CL-VaPUC |9 438229 |z ESPAÑA | |
| 650 | 0 | |a Elecciones |z ESPAÑA |9 254997 | |
| 650 | 0 | |a Problemas políticos |z VALENCIA |z ESPAÑA |9 393181 | |
| 852 | |a BIBCUR | ||
| 942 | |c BK |2 ddc | ||
| 945 | |d 20011026 00:00:00 |a cmena | ||
| 952 | |0 0 |1 0 |2 ddc |4 0 |6 946_720000000000000_SEB_2001 |7 0 |8 A |9 353375 |a BIBHIS |b BIBHIS |d 2019-11-21 |h v.1 |i 376530K |o 946.72 SEB 2001 |p 376530K |r 2025-01-20 |t 1 |w 2019-11-21 |y BK |k HIS | ||
| 952 | |0 0 |1 0 |2 ddc |4 0 |6 946_720000000000000_SEB_2001 |7 0 |8 A |9 353376 |a BIBHIS |b BIBHIS |d 2019-11-21 |h v.2 |i 3765318 |o 946.72 SEB 2001 |p 3765318 |r 2025-01-20 |t 1 |w 2019-11-21 |y BK |k HIS | ||